Business process change: a manager's guide to improving, redesigning, and automating processes

Saved in:
Bibliografiske detaljer
Hovedforfatter: Harmon, Paul (Author)
Format: Bog
Sprog:engelsk
Udgivet: San Francisco Morgan Kaufmann 2003
Fag:
Tags: Tilføj Tag
Ingen Tags, Vær først til at tagge denne postø!

MARC

LEADER 00000nam a2200000 a 4500
001 UCL4842
003 CL-VaPUC
008 040227e20030000US |||||||||||||||||eng|d
020 |a 1558607587 
082 0 4 |a 658.406  |b HAR  |2 21 
100 |a Harmon, Paul  |e author  |9 222270 
245 1 0 |a Business process change: a manager's guide to improving, redesigning, and automating processes 
300 |a 529 p 
942 |c BK 
945 |d 20040227 00:00:00  |a cmena 
260 |a San Francisco  |b Morgan Kaufmann  |c 2003 
650 0 |a Cambio organizacional   |9 260741 
650 7 |a INNOVACIONES TECNOLOGICAS  |2 CL-VaPUC  |9 482514 
650 0 |a Gestión de la información   |9 362327 
650 0 |a Planificación estratégica   |9 259735 
583 |a last modification  |c 20040227 00:00:00  |k Rodrigo Vera 
999 |c 307600  |d 307598 
952 |0 0  |1 0  |4 0  |6 658_406000000000000_HAR_2003  |7 0  |8 A  |9 373637  |a BIBING  |b BIBING  |d 2019-11-21  |i 3984818  |l 1  |m 1  |o 658.406 HAR 2003  |p 3984818  |r 2025-01-20  |s 2021-10-06  |w 2019-11-21  |y BK  |k EII 
952 |0 0  |1 0  |4 0  |6 658_406000000000000_HAR_2003  |7 0  |8 A  |9 373638  |a BIBING  |b BIBING  |d 2019-11-21  |i 4313437  |l 1  |m 2  |o 658.406 HAR 2003  |p 4313437  |r 2025-01-20  |s 2023-08-10  |w 2019-11-21  |y BK  |k EII 
952 |0 0  |1 0  |4 0  |6 658_406000000000000_HAR_2003  |7 0  |8 A  |9 373639  |a BIBING  |b BIBING  |d 2019-11-21  |i 4313445  |o 658.406 HAR 2003  |p 4313445  |r 2025-01-20  |w 2019-11-21  |y BK  |k EII